000 00439nam a2200181Ia 4500
001 23002
005 20260414150908.0
008 260414t2011||||xx |||||||||||||| ||spa||
041 _aESP
082 _a624.1762
_bG48
100 _aGioncu, Victor
_eAUT
245 0 _aEarthquake engineering for structural design
_b
260 _c2011
300 _a566 páginas :
_c24 cm.
650 _a0
654 _aCIC
942 _cLIB
_dJUS
_fJUS
_2ddc
_n
999 _c23002
_d23002